000 00806nam a2200217 a 4500
001 48330
003 BD-RjUL
005 20211209054513.0
008 160813s1962 ii ||||| |||| 00| 0 ben d
035 _a(BD-RjUL)48449
040 _aBD-RjUL
_bben
_cBD-RjUL
_dBD-RjUL
041 _aben
082 _223
_a891.444
_bTAP 1962
100 _aঠাকুর, বলেন্দ্রনাথ
_9146299
245 1 0 _aপ্রবন্ধ-সংগ্রহ /
_cবলেন্দ্রনাথ ঠাকুর,
260 _aকলিকাতা :
_bজিজ্ঞাসা,
_c১৯৬২ (১৩৬৯)
300 _a[৬৪], ৩৬২ পৃ. :
_bচিত্র ;
_c২৩ সেমি.
650 _aবাংলা প্রবন্ধ
_9146300
650 _aBengali Essays
_9146301
942 _2ddc
_cBK
999 _c48330
_d48330